| 000 | 09283namaa22004331i 4500 | ||
|---|---|---|---|
| 003 | EG-GICUC | ||
| 005 | 20260510115449.0 | ||
| 008 | 260510s2026 ua a|||frm||| 000 0 eng d | ||
| 040 |
_aEG-GICUC _beng _cEG-GICUC _dEG-GICUC _erda |
||
| 041 | 0 |
_aeng _beng _bara |
|
| 049 | _aDeposit | ||
| 082 | 0 | 4 | _a615.82 |
| 092 |
_a615.82 _221 |
||
| 097 | _aPh.D | ||
| 099 | _aCai01.21.06.Ph.D.2026.Ma.E | ||
| 100 | 0 |
_aMarwa Mohamed Gamal Elsawy Mohamed, _epreparation. |
|
| 245 | 1 | 0 |
_aInfluence of using standing frame with time variations on locomotive abilities and quality of life in non-ambulant spastic cerebral palsy / _cby Marwa Mohamed Gamal Elsawy Mohamed ; Supervisors Prof. Dr. Elham El Sayed Salem, Prof. Dr. Radwa Saeid Abdulrahman Mahmoud. |
| 246 | 1 | 5 | _aتأثير استخدام الاستاند الثابت لمدد متغيره علي القدرات الحركية وجوده الحياه في الاطفال المصابين بالشلل الدماغ التقلصي |
| 264 | 0 | _c2026. | |
| 300 |
_a154 pages : _billustrations ; _c25 cm. + _eCD. |
||
| 336 |
_atext _2rda content |
||
| 337 |
_aUnmediated _2rdamedia |
||
| 338 |
_avolume _2rdacarrier |
||
| 502 | _aThesis (Ph.D)-Cairo University, 2026. | ||
| 504 | _aBibliography: pages 115-134. | ||
| 520 | 3 | _aBackground: Cerebral palsy (CP) is heterogeneous group of permanent, non- progressive disorders of movement and posture caused by injury to the developing fetal or infant brain. It is characterized by inability to normally control motor functions and it has potential to have an effect on overall development of child by affecting the child's ability to explore, speak, learn and become independent. Purposes of the study: This study was a trial to investigate the effect of using standing frame with time variations (one, interrupted three and five hours with rest in between each one-hour stand) on locomotive abilities (strength, balance, functional ability) and quality of life in non-ambulant spastic cerebral palsy. Also to determine which timing is most effective. Subjects and Methods: Sixty-six children with spastic CP (diplegic and quadriplegic) of both sexes participated in this study. Their age ranges from 4 to 7 years old. All children in this study were received selective physical therapy program for one hour per day/3times per week for successive 6 months. They were assigned into 3 groups: Group A. Twenty-two children were used standing frame for one hour per day/3times per week. Group B. Twenty-two children were used standing frame for interrupted three hours per day/3times Group C. Twenty-two children were used standing frame for interrupted 5 hours per day/3times per week. They were re-evaluated after 6 months of treatment. Hand-held dynamometer (HHD), Pediatric balance scale (PBS) and Growth motor function measure (GMFM) were used to assess locomotive ability and Pediatric quality of life questionnaire ( PedsQL )to assess quality of life. Results: Within group comparison: There was a significant improvement in quadriceps, hip abductors, hip extensors, and back extensors strength in the three groups post-treatment compared with pre-treatment. There was a significant improvement in GMFM and PedsQL in the three groups post- treatment compared with pre-treatment. There was a significant improvement in PBS in Groups B and C, while there was no significant change in PBS in Group A. Between group comparison: There was a significant improvement in quadriceps, hip abductors, hip extensors, and back extensors strength, as well as PBS, GMFM, and PedsQL scores in Group C compared with that of Group A and Group B post-treatment. Additionally, Group B showed a significant improvement in all measured outcomes compared with Group A post-treatment Conclusion: From obtained results, using standing frame with time variations has an effect on locomotive abilities and quality of life in non-ambulant spastic cerebral palsy | |
| 520 | 3 | _aالخلفية: يُعد الشلل الدماغي مجموعة غير متجانسة من الاضطرابات الدائمة وغير التقدمية في الحركة والوضعية، تنتج عن إصابة في الدماغ النامي للجنين أو الرضيع. ويتميز الشلل الدماغي بعدم القدرة على التحكم الطبيعي في الوظائف الحركية، مما قد يؤثر على النمو الشامل للطفل من خلال الحد من قدرته على الاستكشاف والتحدث والتعلم والاستقلال. أهداف الدراسة: هدفت هذه الدراسة إلى تقصّي تأثير استخدام جهاز الوقوف مع اختلاف مدد الاستخدام الزمنية، والتي شملت: ساعة واحدة متصلة، وثلاث ساعات متقطعة، وخمس ساعات متقطعة، مع فترات راحة بين كل ساعة وقوف، وذلك على القدرات الحركية الانتقالية المتمثلة في القوة العضلية، والتوازن، والقدرة الوظيفية، بالإضافة إلى جودة الحياة لدى الأطفال المصابين بالشلل الدماغي التشنجي غير القادرين على المشي. كما سعت الدراسة إلى تحديد المدة الزمنية الأكثر فاعلية لاستخدام جهاز الوقوف في تحسين هذه المتغيرات. المشاركون وطرق البحث: أُجريت هذه الدراسة على عينة قوامها ستة وستون طفلًا من المصابين بالشلل الدماغي التشنجي بنوعيه (ثنائي الشلل ورباعي الشلل)، من كلا الجنسين، وتتراوح أعمارهم بين 4 و7 سنوات. تلقّى جميع المشاركين برنامج علاج طبيعي انتقائي موحّد بواقع ساعة واحدة في اليوم، ثلاث مرات أسبوعيًا، ولمدة ستة أشهر متتالية، تم توزيع الأطفال عشوائيًا إلى ثلاث مجموعات متساوية: المجموعة الأولى (أ): اشتملت على 22 طفلًا استخدموا جهاز الوقوف لمدة ساعة واحدة متصلة في اليوم، ثلاث مرات أسبوعيًا؛ المجموعة الثانية (ب): اشتملت على 22 طفلًا استخدموا جهاز الوقوف لمدة ثلاث ساعات متقطعة في اليوم، ثلاث مرات أسبوعيًا؛ المجموعة الثالثة (ج): اشتملت على 22 طفلًا استخدموا جهاز الوقوف لمدة خمس ساعات متقطعة في اليوم، ثلاث مرات أسبوعيًا، تمت إعادة تقييم جميع المشاركين بعد انتهاء فترة العلاج البالغة ستة أشهر. وقد استُخدم مقياس الديناموميتر اليدوي لقياس القوة العضلية، ومقياس التوازن للأطفال ومقياس الوظائف الحركية الكبرى لتقييم القدرات الحركية الانتقالية، في حين استُخدم استبيان جودة الحياة للأطفال لتقييم جودة الحياة. النتائج: داخل المجموعات: لوحظ تحسن ملحوظ في قوة عضلات الفخذ الرباعية، ومبعدات الورك، وباسطات الورك، وباسطات الظهر في المجموعات الثلاث بعد العلاج مقارنة بما قبل العلاج. كما حدث تحسن معنوي في قيم GMFM وPedsQL في جميع المجموعات بعد العلاج. أظهر مقياس PBS زيادة معنوية في المجموعتين (ب) و(ج)، بينما لم يكن هناك تغير معنوي في المجموعة (أ). بين المجموعات: سجلت المجموعة (ج) تحسنًا أكبر في جميع المتغيرات المقاسة مقارنة بالمجموعتين (أ) و(ب) بعد العلاج، كما أظهرت المجموعة (ب) تحسنًا معنويًا مقارنة بالمجموعة (أ) بعد العلاج. الاستنتاج: تشير النتائج إلى أن استخدام جهاز الوقوف مع اختلاف فترات الوقت له تأثير إيجابي على القدرات الحركية وجودة الحياة لدى الأطفال المصابين بالشلل الدماغي التشنجي غير القادرين على المشي. | |
| 530 | _aIssues also as CD. | ||
| 546 | _aText in English and abstract in Arabic & English. | ||
| 650 | 0 | _aPhysical Therapy | |
| 650 | 0 | _aالعلاج الطبيعي | |
| 653 | 1 |
_acerebral palsy _aspasticity _astanding frame _afunctional ability and quality of life _aالشلل الدماغي _aالتشنج العضلي |
|
| 700 | 0 |
_aElham El Sayed Salem _ethesis advisor. |
|
| 700 | 0 |
_aRadwa Saeid Abdulrahman Mahmoud _ethesis advisor. |
|
| 900 |
_b01-01-2026 _cElham El Sayed Salem _cRadwa Saeid Abdulrahman Mahmoud _UCairo University _FFaculty of Physical Therapy _DDepartment of Pediatrics |
||
| 905 | _aShimaa | ||
| 942 |
_2ddc _cTH _e21 _n0 |
||
| 999 | _c180060 | ||